书目信息 |
| 题名: |
得与失选择与放弃
|
|
| 作者: | 双才 编著 | |
| 分册: | ||
| 出版信息: | 北京 中国档案出版社 2003.01 |
|
| 页数: | 387页 | |
| 开本: | 20cm | |
| 丛书名: | ||
| 单 册: | ||
| 中图分类: | B821 | |
| 科图分类: | ||
| 主题词: | 人生哲学--ren sheng zhe xue--通俗读物 | |
| 电子资源: | ||
| ISBN: | 7-80166-243-1 | |
| 000 | 00777nam0 2200229 450 | |
| 001 | 012008603122 | |
| 005 | 20080229160226.43 | |
| 010 | @a7-80166-243-1@dCNY22.00 | |
| 100 | @a20080229d2003 em y0chiy0120 ea | |
| 101 | 0 | @achi |
| 102 | @aCN@b110000 | |
| 105 | @ay z 000yy | |
| 106 | @ar | |
| 200 | 1 | @a得与失选择与放弃@Ade yu shi xuan ze yu fang qi@f双才编著@Fshuang cai bian zhu |
| 210 | @a北京@c中国档案出版社@d2003.01 | |
| 215 | @a387页@d20cm | |
| 330 | @a本书是一本讲述一些简单而伟大的人生哲理的书。书中不讲空泛的大道理,有的只是些充满人生睿智的故事、寓言甚至笑话。品之愈久,其味愈浓。 | |
| 606 | 0 | @a人生哲学@Aren sheng zhe xue@j通俗读物 |
| 690 | @aB821@v4 | |
| 701 | 0 | @a双才@Ashuang cai@4编著 |
| 801 | 0 | @aCN@bQSSK@c20080229 |
| 905 | @b282042-44@dB821@eS667@f3 | |
| 得与失选择与放弃/双才编著.-北京:中国档案出版社,2003.01 |
| 387页;20cm |
| ISBN 7-80166-243-1:CNY22.00 |
| 本书是一本讲述一些简单而伟大的人生哲理的书。书中不讲空泛的大道理,有的只是些充满人生睿智的故事、寓言甚至笑话。品之愈久,其味愈浓。 |
| ● |
| 相关链接 |
|
|
|
正题名:得与失选择与放弃
索取号:B821/S667
 
预约/预借
| 序号 | 登录号 | 条形码 | 馆藏地/架位号 | 状态 | 备注 |
| 1 | 282042 | 202820420 | 社科库509/509社科库 22排4列3层/ [索取号:B821/S667] | 在馆 | |
| 2 | 282043 | 202820439 | 社科库509/509社科库 22排4列3层/ [索取号:B821/S667] | 在馆 | |
| 3 | 282044 | 202820448 | 社科库509/422社科库 45排3列1层/ [索取号:B821/S667] | 在馆 |